Biological science XI Sci. (Record no. 795817)

MARC details
000 -LEADER
fixed length control field 00591nam a2200217Ia 4500
008 - FIXED-LENGTH DATA ELEMENTS--GENERAL INFORMATION
fixed length control field 101110s9999 xx 000 0 und d
041 ## - LANGUAGE CODE
Language code of text/sound track or separate title ENGLISH
082 ## - DEWEY DECIMAL CLASSIFICATION NUMBER
Item number JR5010
100 ## - MAIN ENTRY--PERSONAL NAME
Personal name Pawar C.B., Jagtap A.N., Salunkhe S.B., Kabra P.A. & others
245 ## - TITLE STATEMENT
Title Biological science XI Sci.
260 ## - PUBLICATION, DISTRIBUTION, ETC. (IMPRINT)
Date of publication, distribution, etc 2006
Name of publisher, distributor, etc Sheth Prakashan, Nagpur
300 ## - PHYSICAL DESCRIPTION
Extent 312
365 ## - TRADE PRICE
Price amount 59
520 ## - SUMMARY, ETC.
Summary, etc Biology/Zoology
546 ## - LANGUAGE NOTE
Language note ENGLISH
630 ## - SUBJECT ADDED ENTRY--UNIFORM TITLE
Uniform title Biological science XI Sci.
650 ## - SUBJECT ADDED ENTRY--TOPICAL TERM
Topical term or geographic name as entry element Biology/Zoology
655 ## - INDEX TERM--GENRE/FORM
Genre/form data or focus term Biology/Zoology
730 ## - ADDED ENTRY--UNIFORM TITLE
Uniform title Biological science XI Sci.
942 ## - ADDED ENTRY ELEMENTS (KOHA)
Koha item type Book
Holdings
Withdrawn status Lost status Damaged status Not for loan Home library Current library Date acquired Source of acquisition Cost, normal purchase price Shelving control number Total Checkouts Barcode Date last seen Price effective from Koha item type
        D. B. J. College, Chiplun D. B. J. College, Chiplun   Shri Gajanan Book, Chiplun, bill 036,dt. 17/7/06 59.00     DBJJR5010 11/11/2010 11/11/2010 Book